Encyclopedia of networking, electronic edition (Record no. 41504)

MARC details
000 -LEADER
fixed length control field 00302nam a2200109Ia 4500
082 ## - DEWEY DECIMAL CLASSIFICATION NUMBER
Classification number 681.31(031)
Item number SHE
100 ## - MAIN ENTRY--AUTHOR NAME
Personal name Sheldon, Tom
245 #0 - TITLE STATEMENT
Title Encyclopedia of networking, electronic edition
260 ## - PUBLICATION, DISTRIBUTION, ETC. (IMPRINT)
Place of publication New Delhi
Name of publisher Tata McGraw Hill
Year of publication 1998
942 ## - ADDED ENTRY ELEMENTS (KOHA)
Koha item type Books
Holdings
Withdrawn status Lost status Damaged status Not for loan Home library Current library Date acquired Cost, normal purchase price Full call number Accession Number Koha item type
        RRII Library RRII Library 16/12/2021 425.00 681.31(031) SHE 21790 Books